Loading...
| History - Other | 0 | 4 | 0 | 1 | 40 | 31 | 85.00 | 0 | 1 | 10.65 | 18.75 |
| Literature - European | 0 | 3 | 0 | 0 | 30 | 45 | 76.67 | 2 | 2 | 11.09 | 26.25 |
| History - World | 0 | 3 | 1 | 0 | 25 | 34 | 57.00 | 0 | 2 | 13.90 | 18.75 |
| Literature - American | 0 | 2 | 0 | 0 | 20 | 50 | 58.50 | 0 | 1 | 19.26 | 24.29 |
| Mythology | 0 | 2 | 0 | 0 | 20 | 54 | 61.50 | 1 | 2 | 9.25 | 17.50 |
| History - European | 0 | 2 | 0 | 0 | 20 | 46 | 50.50 | 0 | 1 | 5.52 | 7.14 |
| Current Events | 0 | 1 | 0 | 0 | 10 | 66 | 66.00 | 0 | 0 | 11.25 | 6.25 |
| Fine Arts - Painting and Sculpture | 0 | 1 | 0 | 0 | 10 | 82 | 82.00 | 0 | 0 | 2.87 | 5.00 |
| Literature - British | 0 | 1 | 0 | 0 | 10 | 43 | 43.00 | 1 | 1 | 4.15 | 6.67 |
| Science - Other | 0 | 1 | 0 | 1 | 10 | 108 | 108.00 | 0 | 0 | 0.00 | 2.50 |
| Social Science | 0 | 1 | 1 | 0 | 5 | 84 | 84.00 | 0 | 0 | 2.95 | 6.25 |
| Literature - World | 0 | 0 | 0 | 0 | 0 | 0.00 | 0 | 0 | 0.00 | 0.00 | |
| Fine Arts - Other | 0 | 0 | 0 | 0 | 0 | 0.00 | 0 | 0 | 0.00 | 0.00 | |
| Science - Physics | 0 | 0 | 1 | 0 | -5 | 0.00 | 0 | 0 | 0.00 | 0.00 | |
| Geography | 0 | 0 | 1 | 0 | -5 | 0.00 | 0 | 0 | 0.00 | 0.00 |